[Event "Turniej Przyjazni Polsko-Wegierskiej"]
[Site "Katowice"]
[Date "2018.05.05"]
[Round "2.14"]
[White "Janik, Igor"]
[Black "Grossmann, Ryszard"]
[Result "1-0"]
[BlackElo "1848"]
[WhiteElo "2356"]
[LiveChessVersion "1.4.8"]

1. e4 {[%clk 0:14:58]} c6 {[%clk 0:14:31]} 2. d4 {[%clk 0:14:49]} d5
{[%clk 0:14:28]} 3. e5 {[%clk 0:14:42]} Bf5 {[%clk 0:15:19]} 4. Nd2
{[%clk 0:15:24]} e6 {[%clk 0:15:20]} 5. Nb3 {[%clk 0:15:32]} Nd7 {[%clk 0:14:44]}
6. Nf3 {[%clk 0:15:40]} h6 {[%clk 0:14:47]} 7. Be2 {[%clk 0:15:46]} a6
{[%clk 0:14:22]} 8. O-O {[%clk 0:15:51]} Bh7 {[%clk 0:14:03]} 9. Bd2
{[%clk 0:15:53]} Rc8 {[%clk 0:13:37]} 10. Rc1 {[%clk 0:15:39]} Ne7
{[%clk 0:13:41]} 11. Na5 {[%clk 0:14:53]} Rc7 {[%clk 0:11:52]} 12. b4
{[%clk 0:14:13]} b5 {[%clk 0:11:45]} 13. Ne1 {[%clk 0:14:03]} Nc8
{[%clk 0:11:04]} 14. f4 {[%clk 0:13:56]} Be7 {[%clk 0:11:06]} 15. Bd3
{[%clk 0:14:05]} Bxd3 {[%clk 0:10:47]} 16. cxd3 {[%clk 0:13:59]} Nb8
{[%clk 0:10:34]} 17. f5 {[%clk 0:13:31]} exf5 {[%clk 0:10:04]} 18. Rxf5
{[%clk 0:13:33]} Qd7 {[%clk 0:08:49]} 19. Rf1 {[%clk 0:13:05]} Qe6
{[%clk 0:08:36]} 20. Qh5 {[%clk 0:12:40]} g6 {[%clk 0:08:34]} 21. Qe2
{[%clk 0:12:49]} Kf8 {[%clk 0:08:17]} 22. g3 {[%clk 0:12:15]} Kg7
{[%clk 0:08:23]} 23. Ng2 {[%clk 0:12:23]} h5 {[%clk 0:07:52]} 24. Nf4
{[%clk 0:10:40]} Qd7 {[%clk 0:07:49]} 25. e6 {[%clk 0:10:11]} fxe6
{[%clk 0:07:09]} 26. Nxe6+ {[%clk 0:10:06]} Kg8 {[%clk 0:07:15]} 27. Nxc7
{[%clk 0:10:13]} Qxc7 {[%clk 0:07:24]} 28. Qe6+ {[%clk 0:10:22]} 1-0

[Event "Turniej Przyjazni Polsko-Wegierskiej"]
[Site "Katowice"]
[Date "2018.05.05"]
[Round "2.15"]
[White "Sowa, Wiktoria"]
[Black "Bednarek, Sylwester"]
[Result "1/2-1/2"]
[BlackElo "2343"]
[WhiteElo "1861"]
[LiveChessVersion "1.4.8"]

1. e4 {[%clk 0:15:10]} e6 {[%clk 0:15:16]} 2. Nf3 {[%clk 0:15:12]} d5
{[%clk 0:15:24]} 3. Nc3 {[%clk 0:15:21]} Nf6 {[%clk 0:15:19]} 4. e5
{[%clk 0:15:17]} Ne4 {[%clk 0:15:26]} 5. d4 {[%clk 0:14:40]} Bb4 {[%clk 0:15:19]}
6. Bd2 {[%clk 0:14:46]} Nxd2 {[%clk 0:15:26]} 7. Qxd2 {[%clk 0:14:48]} b6
{[%clk 0:15:20]} 8. Bd3 {[%clk 0:14:37]} Ba6 {[%clk 0:15:13]} 9. O-O
{[%clk 0:14:35]} Bxd3 {[%clk 0:15:05]} 10. Qxd3 {[%clk 0:14:41]} c6
{[%clk 0:15:13]} 11. Ne2 {[%clk 0:14:32]} Be7 {[%clk 0:15:12]} 12. Rac1
{[%clk 0:14:16]} Qc8 {[%clk 0:14:51]} 13. c4 {[%clk 0:13:57]} Qa6
{[%clk 0:14:59]} 14. Qb3 {[%clk 0:13:48]} O-O {[%clk 0:14:43]} 15. Ng3
{[%clk 0:13:37]} g6 {[%clk 0:14:06]} 16. cxd5 {[%clk 0:13:25]} cxd5
{[%clk 0:14:12]} 17. Qe3 {[%clk 0:12:17]} Rc8 {[%clk 0:13:58]} 18. Rxc8+
{[%clk 0:10:20]} Qxc8 {[%clk 0:14:06]} 19. Rc1 {[%clk 0:10:24]} Qd7
{[%clk 0:12:41]} 20. Qc3 {[%clk 0:08:53]} Na6 {[%clk 0:12:48]} 21. a3
{[%clk 0:08:58]} Qa4 {[%clk 0:11:15]} 22. h3 {[%clk 0:07:19]} Bd8
{[%clk 0:10:36]} 23. Qe3 {[%clk 0:05:11]} Qe8 {[%clk 0:10:38]} 24. Nh2
{[%clk 0:04:58]} h5 25. Nf3 Be7 {[%clk 0:09:49]} 26. Qc3 {[%clk 0:04:33]} Bd8 27.
Qe3 Be7 {[%clk 0:08:00]} 28. Qc3 {[%clk 0:04:40]} Qd7 {[%clk 0:07:52]} 29. Ne2
{[%clk 0:03:11]} Bf8 30. h4 {[%clk 0:01:56]} Rb8 {[%clk 0:07:32]} 31. Nf4
{[%clk 0:01:46]} Rb7 {[%clk 0:06:38]} 32. Qd3 {[%clk 0:01:29]} Nc7
{[%clk 0:06:08]} 33. Ng5 {[%clk 0:01:34]} Qb5 {[%clk 0:05:34]} 34. Qb1
{[%clk 0:01:07]} Qe8 {[%clk 0:05:10]} 35. Nxh5 {[%clk 0:01:12]} Be7
{[%clk 0:04:50]} 36. Ng3 {[%clk 0:00:49]} Qa4 {[%clk 0:03:43]} 37. Qd3
{[%clk 0:00:31]} Qb5 {[%clk 0:03:06]} 38. Qd2 {[%clk 0:00:22]} Ne8
{[%clk 0:02:34]} 39. h5 {[%clk 0:00:23]} gxh5 {[%clk 0:01:19]} 40. Nxh5
{[%clk 0:00:28]} Rc7 {[%clk 0:01:22]} 41. Rxc7 {[%clk 0:00:33]} Nxc7
{[%clk 0:01:30]} 42. Qf4 {[%clk 0:00:23]} Qe8 {[%clk 0:00:54]} 43. Qg4
{[%clk 0:00:29]} Bxg5 {[%clk 0:00:51]} 44. Qxg5+ {[%clk 0:00:38]} Kf8
{[%clk 0:01:01]} 45. Nf6 {[%clk 0:00:38]} Qa8 {[%clk 0:00:58]} 46. Nd7+
{[%clk 0:00:23]} Ke8 {[%clk 0:01:06]} 47. Nf6+ {[%clk 0:00:32]} Kf8
{[%clk 0:01:14]} 48. Nh7+ {[%clk 0:00:25]} Ke8 {[%clk 0:01:22]} 49. Qg8+
{[%clk 0:00:31]} Ke7 {[%clk 0:01:31]} 50. Qg5+ {[%clk 0:00:37]} Kd7
{[%clk 0:01:39]} 51. Nf6+ {[%clk 0:00:43]} Kc6 {[%clk 0:01:46]} 52. Qg7
{[%clk 0:00:40]} Kb5 {[%clk 0:01:36]} 53. Qxf7 {[%clk 0:00:48]} Qc6
{[%clk 0:01:45]} 54. Kh2 {[%clk 0:00:36]} Kc4 {[%clk 0:01:47]} 55. Qg6
{[%clk 0:00:25]} Kxd4 {[%clk 0:01:50]} 56. Ng4 {[%clk 0:00:15]} Qc1
{[%clk 0:01:50]} 57. Qf6 {[%clk 0:00:20]} Qxb2 {[%clk 0:01:46]} 58. Qf4+
{[%clk 0:00:28]} Kc5 {[%clk 0:01:55]} 59. Nf6 {[%clk 0:00:24]} Qxa3
{[%clk 0:01:53]} 60. Ne4+ {[%clk 0:00:22]} Kc6 {[%clk 0:01:49]} 61. Nd6
{[%clk 0:00:28]} Qc3 {[%clk 0:01:46]} 62. Qg5 {[%clk 0:00:20]} a5
{[%clk 0:01:50]} 63. Qg7 {[%clk 0:00:25]} a4 {[%clk 0:01:54]} 64. Qxc7+
{[%clk 0:00:31]} Kxc7 {[%clk 0:02:02]} 65. Nb5+ {[%clk 0:00:40]} Kc6
{[%clk 0:02:11]} 66. Nxc3 {[%clk 0:00:49]} a3 {[%clk 0:02:17]} 67. g4
{[%clk 0:00:57]} d4 {[%clk 0:02:26]} 68. Na2 {[%clk 0:00:55]} Kd5
{[%clk 0:02:34]} 69. f4 {[%clk 0:01:00]} d3 {[%clk 0:02:42]} 70. g5
{[%clk 0:01:08]} d2 {[%clk 0:02:47]} 71. g6 {[%clk 0:01:15]} Kd4 {[%clk 0:02:56]}
72. g7 {[%clk 0:01:17]} d1=Q {[%clk 0:03:04]} 73. g8=Q {[%clk 0:01:23]} Qe2+
{[%clk 0:03:05]} 74. Qg2 {[%clk 0:01:30]} Qxg2+ {[%clk 0:03:12]} 75. Kxg2
{[%clk 0:01:39]} b5 {[%clk 0:03:13]} 76. Kf3 {[%clk 0:01:44]} Kc4
{[%clk 0:03:20]} 77. f5 {[%clk 0:01:42]} Kb3 {[%clk 0:03:25]} 78. fxe6
{[%clk 0:01:30]} Kxa2 {[%clk 0:03:34]} 79. e7 {[%clk 0:01:39]} b4
{[%clk 0:03:37]} 80. e8=Q {[%clk 0:01:46]} b3 {[%clk 0:03:46]} 81. Qb5
{[%clk 0:00:42]} b2 {[%clk 0:03:54]} 82. Qc4+ {[%clk 0:00:44]} Ka1
{[%clk 0:04:03]} 83. Qc3 {[%clk 0:00:44]} Ka2 {[%clk 0:04:11]} 84. Qc2
{[%clk 0:00:38]} Ka1 {[%clk 0:04:19]} 85. Qc3 {[%clk 0:00:29]} Ka2
{[%clk 0:04:27]} 86. Qc2 Ka1 87. Qc3 1/2-1/2

[Event "Turniej Przyjazni Polsko-Wegierskiej"]
[Site "Katowice"]
[Date "2018.05.05"]
[Round "2.16"]
[White "Piesik, Piotr"]
[Black "Cieslak, Wiktoria"]
[Result "1-0"]
[BlackElo "1831"]
[WhiteElo "2341"]
[LiveChessVersion "1.4.8"]

1. Nf3 {[%clk 0:15:18]} d5 {[%clk 0:15:17]} 2. g3 {[%clk 0:15:26]} Nf6
{[%clk 0:15:26]} 3. Bg2 {[%clk 0:15:35]} g6 {[%clk 0:15:35]} 4. O-O
{[%clk 0:15:44]} Bg7 {[%clk 0:15:44]} 5. d4 {[%clk 0:15:50]} O-O {[%clk 0:15:51]}
6. c4 {[%clk 0:15:59]} e6 {[%clk 0:15:52]} 7. Nc3 {[%clk 0:16:05]} c6
{[%clk 0:15:59]} 8. b3 {[%clk 0:15:47]} Ne4 {[%clk 0:15:57]} 9. Nxe4
{[%clk 0:14:45]} dxe4 {[%clk 0:16:05]} 10. Ne5 {[%clk 0:14:53]} Nd7
{[%clk 0:15:30]} 11. Ba3 {[%clk 0:14:27]} Re8 {[%clk 0:15:26]} 12. Bd6
{[%clk 0:14:13]} c5 {[%clk 0:14:37]} 13. Nxd7 {[%clk 0:13:51]} cxd4
{[%clk 0:14:36]} 14. Bxe4 {[%clk 0:12:30]} Qxd7 {[%clk 0:14:42]} 15. c5
{[%clk 0:12:36]} e5 {[%clk 0:14:41]} 16. Qd3 {[%clk 0:11:45]} Kh8
{[%clk 0:14:41]} 17. Rac1 {[%clk 0:11:07]} f5 {[%clk 0:14:39]} 18. Bd5
{[%clk 0:10:54]} a5 {[%clk 0:14:20]} 19. e4 {[%clk 0:10:43]} Ra6 {[%clk 0:13:36]}
20. Bc4 {[%clk 0:10:36]} Rxd6 {[%clk 0:13:45]} 21. cxd6 {[%clk 0:10:43]} Qxd6
{[%clk 0:13:54]} 22. Bb5 {[%clk 0:10:37]} Rf8 {[%clk 0:13:48]} 23. f3
{[%clk 0:10:04]} Bh6 {[%clk 0:13:25]} 24. Rce1 {[%clk 0:10:12]} fxe4
{[%clk 0:13:15]} 25. Qxe4 {[%clk 0:09:14]} Be3+ {[%clk 0:13:16]} 26. Rxe3
{[%clk 0:08:41]} dxe3 {[%clk 0:13:25]} 27. Qxe3 {[%clk 0:08:50]} Bh3
{[%clk 0:13:17]} 28. Re1 {[%clk 0:08:55]} e4 {[%clk 0:13:03]} 29. Qc3+
{[%clk 0:08:46]} Qf6 {[%clk 0:13:11]} 30. Qxf6+ {[%clk 0:08:54]} Rxf6
{[%clk 0:13:19]} 31. fxe4 {[%clk 0:09:00]} Re6 {[%clk 0:13:16]} 32. e5
{[%clk 0:08:58]} Kg7 {[%clk 0:13:19]} 33. Kf2 {[%clk 0:08:58]} Re7
{[%clk 0:13:19]} 34. Bc4 {[%clk 0:08:57]} Bd7 {[%clk 0:13:22]} 35. Kf3
{[%clk 0:08:55]} Bc6+ {[%clk 0:13:30]} 36. Kf4 {[%clk 0:09:02]} b5
{[%clk 0:13:40]} 37. Bd3 {[%clk 0:08:56]} Kf7 {[%clk 0:13:37]} 38. Rc1
{[%clk 0:08:46]} Be8 {[%clk 0:13:18]} 39. Rc5 {[%clk 0:08:51]} Rb7
{[%clk 0:13:22]} 40. h4 {[%clk 0:08:41]} Bd7 {[%clk 0:13:14]} 41. Be4
{[%clk 0:08:25]} Rb6 {[%clk 0:13:22]} 42. Rc7 {[%clk 0:08:23]} Ke7
{[%clk 0:13:24]} 43. Ra7 {[%clk 0:08:13]} a4 {[%clk 0:13:32]} 44. b4
{[%clk 0:08:22]} Ke6 {[%clk 0:13:25]} 45. Bg2 {[%clk 0:08:15]} Bc6
{[%clk 0:12:17]} 46. Bh3+ {[%clk 0:08:11]} Kd5 {[%clk 0:12:26]} 47. Rxh7
{[%clk 0:07:59]} Kc4 {[%clk 0:12:34]} 48. e6 {[%clk 0:07:47]} Kxb4
{[%clk 0:12:39]} 49. Rc7 {[%clk 0:07:30]} Bd5 {[%clk 0:11:18]} 50. e7
{[%clk 0:07:30]} Bf7 {[%clk 0:11:27]} 51. Bd7 {[%clk 0:06:35]} Rb8
{[%clk 0:10:58]} 52. Kg5 {[%clk 0:06:26]} Ka3 {[%clk 0:10:59]} 53. Kf6
{[%clk 0:06:33]} Be8 {[%clk 0:10:58]} 54. Bxe8 {[%clk 0:06:21]} Rxe8
{[%clk 0:11:07]} 55. Rb7 {[%clk 0:06:26]} b4 {[%clk 0:10:56]} 56. Kf7
{[%clk 0:06:34]} Rh8 {[%clk 0:11:05]} 57. e8=Q {[%clk 0:06:40]} Rh7+
{[%clk 0:11:13]} 58. Kxg6 {[%clk 0:06:39]} Rxb7 {[%clk 0:11:22]} 59. Qc6
{[%clk 0:05:47]} Rb8 {[%clk 0:11:31]} 60. h5 {[%clk 0:05:12]} Kxa2
{[%clk 0:11:33]} 61. Qxa4+ {[%clk 0:05:19]} Kb2 {[%clk 0:11:41]} 62. Qa7
{[%clk 0:05:20]} Rg8+ {[%clk 0:11:48]} 63. Kf7 {[%clk 0:05:26]} Rxg3
{[%clk 0:11:56]} 64. Qf2+ {[%clk 0:05:35]} 1-0

[Event "Turniej Przyjazni Polsko-Wegierskiej"]
[Site "Katowice"]
[Date "2018.05.05"]
[Round "2.17"]
[White "Drabiniok, Kazimierz"]
[Black "Przybylski, Wojciech"]
[Result "1-0"]
[BlackElo "2326"]
[WhiteElo "1838"]
[LiveChessVersion "1.4.8"]

1. e3 {[%clk 0:15:19]} c5 {[%clk 0:14:56]} 2. d4 {[%clk 0:15:22]} e6
{[%clk 0:14:49]} 3. Nf3 {[%clk 0:15:27]} Nf6 {[%clk 0:14:55]} 4. Nc3
{[%clk 0:15:15]} d5 {[%clk 0:14:16]} 5. Bb5+ {[%clk 0:14:50]} Bd7
{[%clk 0:14:16]} 6. Qe2 {[%clk 0:14:52]} a6 {[%clk 0:13:47]} 7. Bxd7+
{[%clk 0:14:49]} Nbxd7 {[%clk 0:12:19]} 8. Bd2 {[%clk 0:14:32]} b5
{[%clk 0:10:37]} 9. Ne5 {[%clk 0:12:21]} Nxe5 {[%clk 0:07:47]} 10. dxe5
{[%clk 0:12:27]} Nd7 {[%clk 0:07:55]} 11. f4 {[%clk 0:12:28]} g6 {[%clk 0:07:24]}
12. O-O {[%clk 0:11:58]} Bg7 {[%clk 0:07:19]} 13. Rae1 {[%clk 0:11:24]} Qc7
{[%clk 0:06:50]} 14. Qf3 {[%clk 0:10:49]} h5 {[%clk 0:04:47]} 15. a4
{[%clk 0:10:06]} Qc6 {[%clk 0:04:03]} 16. axb5 {[%clk 0:09:07]} axb5
{[%clk 0:04:11]} 17. Ra1 {[%clk 0:09:12]} O-O {[%clk 0:03:28]} 18. Ne2
{[%clk 0:09:18]} Rxa1 {[%clk 0:03:30]} 19. Rxa1 {[%clk 0:09:25]} Ra8
{[%clk 0:03:37]} 20. Rf1 {[%clk 0:09:15]} f5 {[%clk 0:02:22]} 21. h3
{[%clk 0:08:23]} Kf7 {[%clk 0:02:11]} 22. c3 {[%clk 0:07:40]} Nb6
{[%clk 0:01:58]} 23. b4 {[%clk 0:07:23]} Nc4 {[%clk 0:01:45]} 24. Be1
{[%clk 0:07:18]} Bf8 {[%clk 0:01:35]} 25. g4 {[%clk 0:07:09]} hxg4
{[%clk 0:01:23]} 26. hxg4 {[%clk 0:07:17]} fxg4 {[%clk 0:01:21]} 27. Qg3
{[%clk 0:05:38]} Ra2 {[%clk 0:01:11]} 28. Nc1 {[%clk 0:05:18]} Rc2
{[%clk 0:00:45]} 29. Nd3 {[%clk 0:05:05]} d4 {[%clk 0:00:43]} 30. exd4
{[%clk 0:04:41]} cxd4 {[%clk 0:00:52]} 31. cxd4 {[%clk 0:04:46]} Qe4
{[%clk 0:00:48]} 32. Rf2 {[%clk 0:03:42]} Qxd4 {[%clk 0:00:50]} 33. Kh1
{[%clk 0:02:36]} Qe4+ {[%clk 0:00:48]} 34. Kg1 {[%clk 0:02:41]} Ne3
{[%clk 0:00:27]} 35. Rxc2 {[%clk 0:02:34]} Nxc2 {[%clk 0:00:36]} 36. Bf2
{[%clk 0:02:38]} Be7 {[%clk 0:00:41]} 37. Nc5 {[%clk 0:02:30]} Qf3
{[%clk 0:00:43]} 38. Qh2 {[%clk 0:01:50]} Qd1+ {[%clk 0:00:51]} 39. Kg2
{[%clk 0:01:57]} Qf3+ {[%clk 0:00:58]} 40. Kg1 {[%clk 0:02:06]} Kg8
{[%clk 0:01:05]} 41. Qh6 {[%clk 0:01:54]} Qd1+ {[%clk 0:01:02]} 42. Kh2
{[%clk 0:01:55]} g3+ {[%clk 0:00:48]} 43. Kxg3 {[%clk 0:01:46]} Qh5
{[%clk 0:00:38]} 44. Qxh5 {[%clk 0:01:44]} gxh5 {[%clk 0:00:48]} 45. Nxe6
{[%clk 0:01:44]} Nxb4 {[%clk 0:00:16]} 46. Nd4 {[%clk 0:01:44]} h4+
{[%clk 0:00:14]} 47. Kf3 {[%clk 0:01:40]} Nd3 {[%clk 0:00:16]} 48. Nxb5
{[%clk 0:01:47]} Kf7 {[%clk 0:00:19]} 49. Nc3 {[%clk 0:01:31]} Ke6
{[%clk 0:00:25]} 50. Nd1 {[%clk 0:01:28]} Bd8 {[%clk 0:00:15]} 51. Bg1
{[%clk 0:01:31]} Bc7 {[%clk 0:00:16]} 52. Bh2 {[%clk 0:01:16]} Bb6
{[%clk 0:00:17]} 53. Kg4 {[%clk 0:01:14]} h3 {[%clk 0:00:20]} 54. f5+
{[%clk 0:01:21]} Kd5 {[%clk 0:00:24]} 55. Nc3+ {[%clk 0:01:16]} Kc4
{[%clk 0:00:22]} 56. Ne4 {[%clk 0:01:18]} Bd8 {[%clk 0:00:17]} 57. Nd6+
{[%clk 0:01:18]} Kd5 {[%clk 0:00:18]} 58. Nf7 {[%clk 0:01:22]} Be7
{[%clk 0:00:25]} 59. f6 {[%clk 0:01:14]} Bb4 {[%clk 0:00:17]} 60. Kf5
{[%clk 0:01:16]} Nc5 {[%clk 0:00:12]} 61. Ng5 {[%clk 0:01:17]} Bc3
{[%clk 0:00:13]} 62. f7 {[%clk 0:01:11]} Nd7 {[%clk 0:00:13]} 63. Nxh3
{[%clk 0:00:59]} Bb4 {[%clk 0:00:14]} 64. Nf4+ {[%clk 0:01:05]} Kc6
{[%clk 0:00:14]} 65. Ng6 {[%clk 0:01:11]} Nb6 {[%clk 0:00:15]} 66. e6
{[%clk 0:01:04]} Nd5 {[%clk 0:00:21]} 67. Ne5+ {[%clk 0:01:09]} Kb5
{[%clk 0:00:12]} 68. Nd7 {[%clk 0:01:02]} Ne3+ {[%clk 0:00:12]} 69. Ke4
{[%clk 0:00:56]} Ng4 {[%clk 0:00:16]} 70. Be5 {[%clk 0:01:03]} Kc6
{[%clk 0:00:17]} 71. Nf6 {[%clk 0:00:59]} Nf2+ {[%clk 0:00:14]} 72. Kf5
{[%clk 0:01:04]} Nd1 {[%clk 0:00:12]} 73. Bd4 {[%clk 0:01:05]} Bf8
{[%clk 0:00:16]} 74. Nh7 {[%clk 0:01:10]} Be7 {[%clk 0:00:20]} 75. f8=Q
{[%clk 0:01:12]} Bxf8 {[%clk 0:00:28]} 76. Nxf8 {[%clk 0:01:20]} Kd6
{[%clk 0:00:34]} 77. Ng6 {[%clk 0:01:25]} 1-0

[Event "Turniej Przyjazni Polsko-Wegierskiej"]
[Site "Katowice"]
[Date "2018.05.05"]
[Round "2.18"]
[White "Bartel, Michal"]
[Black "Jopek, Krzysztof"]
[Result "1-0"]
[BlackElo "1824"]
[WhiteElo "2320"]
[LiveChessVersion "1.4.8"]

1. e4 {[%clk 0:15:16]} c6 {[%clk 0:15:19]} 2. d4 {[%clk 0:15:24]} d5
{[%clk 0:15:28]} 3. e5 {[%clk 0:15:32]} Bf5 {[%clk 0:15:36]} 4. Nf3
{[%clk 0:15:39]} e6 {[%clk 0:15:45]} 5. Be2 {[%clk 0:15:48]} Qb6 {[%clk 0:15:46]}
6. O-O {[%clk 0:15:45]} Nd7 {[%clk 0:15:20]} 7. a4 {[%clk 0:15:43]} a5
{[%clk 0:15:02]} 8. c4 {[%clk 0:14:45]} dxc4 {[%clk 0:14:09]} 9. Na3
{[%clk 0:14:51]} Bxa3 {[%clk 0:13:27]} 10. Rxa3 {[%clk 0:14:58]} Ne7
{[%clk 0:12:59]} 11. Bxc4 {[%clk 0:15:01]} Be4 {[%clk 0:11:46]} 12. Ng5
{[%clk 0:13:38]} Bd5 {[%clk 0:11:28]} 13. Rb3 {[%clk 0:13:10]} Qc7
{[%clk 0:11:37]} 14. Bxd5 {[%clk 0:13:18]} Nxd5 {[%clk 0:11:37]} 15. Ne4
{[%clk 0:12:29]} O-O {[%clk 0:10:21]} 16. Qh5 {[%clk 0:12:00]} f6
{[%clk 0:06:50]} 17. Rh3 {[%clk 0:11:52]} fxe5 {[%clk 0:04:57]} 18. Qxh7+
{[%clk 0:11:52]} Kf7 {[%clk 0:05:06]} 19. Ng5+ {[%clk 0:11:57]} Ke7
{[%clk 0:04:53]} 20. Qxg7+ {[%clk 0:11:59]} Kd6 {[%clk 0:05:01]} 21. Ne4#
{[%clk 0:12:07]} 1-0

[Event "Turniej Przyjazni Polsko-Wegierskiej"]
[Site "Katowice"]
[Date "2018.05.05"]
[Round "2.19"]
[White "Spicak, Krzysztof"]
[Black "Lewicki, Miroslaw"]
[Result "0-1"]
[BlackElo "2294"]
[WhiteElo "1823"]
[LiveChessVersion "1.4.8"]

1. d4 {[%clk 0:15:18]} Nf6 {[%clk 0:15:19]} 2. c4 {[%clk 0:15:26]} e6
{[%clk 0:15:27]} 3. Nc3 {[%clk 0:15:34]} Bb4 {[%clk 0:15:36]} 4. Qc2
{[%clk 0:15:42]} b6 {[%clk 0:15:25]} 5. e3 {[%clk 0:15:48]} Bb7 {[%clk 0:15:32]}
6. f3 {[%clk 0:15:56]} O-O {[%clk 0:15:29]} 7. Bd3 {[%clk 0:16:04]} c5
{[%clk 0:15:34]} 8. Nge2 {[%clk 0:16:10]} cxd4 {[%clk 0:15:32]} 9. Nxd4
{[%clk 0:16:13]} Nc6 {[%clk 0:15:32]} 10. Nxc6 {[%clk 0:16:04]} dxc6
{[%clk 0:15:25]} 11. O-O {[%clk 0:16:11]} Qe7 {[%clk 0:15:17]} 12. Kh1
{[%clk 0:16:10]} e5 {[%clk 0:15:17]} 13. e4 {[%clk 0:15:52]} Nd7 {[%clk 0:15:13]}
14. a3 {[%clk 0:16:01]} Bxc3 {[%clk 0:15:21]} 15. Qxc3 {[%clk 0:16:08]} Rad8
{[%clk 0:15:15]} 16. Be3 {[%clk 0:16:17]} c5 {[%clk 0:15:04]} 17. b4
{[%clk 0:16:19]} h6 {[%clk 0:15:00]} 18. Rfd1 {[%clk 0:16:21]} Rc8
{[%clk 0:14:57]} 19. b5 {[%clk 0:16:21]} Rfd8 {[%clk 0:14:41]} 20. Bf1
{[%clk 0:16:09]} Nf8 {[%clk 0:14:41]} 21. g3 {[%clk 0:16:17]} f5 {[%clk 0:14:38]}
22. Bh3 {[%clk 0:16:16]} fxe4 {[%clk 0:13:29]} 23. Bxc8 {[%clk 0:16:21]} Rxc8
{[%clk 0:13:32]} 24. fxe4 {[%clk 0:15:28]} Bxe4+ {[%clk 0:13:40]} 25. Kg1
{[%clk 0:15:37]} Nd7 {[%clk 0:12:24]} 26. Ra2 {[%clk 0:15:08]} Nf6
{[%clk 0:12:28]} 27. Rad2 {[%clk 0:15:10]} Ba8 {[%clk 0:12:34]} 28. h3
{[%clk 0:14:59]} Ne4 {[%clk 0:11:11]} 29. Qc2 {[%clk 0:14:55]} Nxd2
{[%clk 0:10:22]} 30. Qxd2 {[%clk 0:15:03]} Qf7 {[%clk 0:09:52]} 31. Qd7
{[%clk 0:14:57]} Qf3 {[%clk 0:09:44]} 32. Qxc8+ {[%clk 0:14:59]} Kh7
{[%clk 0:09:53]} 33. Rd2 {[%clk 0:15:01]} Qxe3+ {[%clk 0:09:46]} 34. Rf2
{[%clk 0:15:10]} Qe1+ {[%clk 0:09:53]} 0-1

[Event "Turniej Przyjazni Polsko-Wegierskiej"]
[Site "Katowice"]
[Date "2018.05.05"]
[Round "2.20"]
[White "Mroziak, Maciej"]
[Black "Karweta, Jan"]
[Result "1/2-1/2"]
[BlackElo "1821"]
[WhiteElo "2289"]
[LiveChessVersion "1.4.8"]

1. e4 {[%clk 0:15:18]} e5 {[%clk 0:15:17]} 2. Nf3 {[%clk 0:15:26]} Nc6
{[%clk 0:15:26]} 3. d4 {[%clk 0:15:34]} exd4 {[%clk 0:15:35]} 4. Nxd4
{[%clk 0:15:42]} Nxd4 {[%clk 0:15:34]} 5. Qxd4 {[%clk 0:15:50]} Ne7
{[%clk 0:15:43]} 6. Bc4 {[%clk 0:15:38]} Nc6 {[%clk 0:15:46]} 7. Qd5
{[%clk 0:15:31]} Qf6 {[%clk 0:15:47]} 8. Bg5 {[%clk 0:14:44]} Qg6
{[%clk 0:15:38]} 9. h4 {[%clk 0:11:05]} h6 {[%clk 0:14:54]} 10. Bd2
{[%clk 0:09:33]} Nd8 {[%clk 0:11:47]} 11. Nc3 {[%clk 0:09:17]} c6
{[%clk 0:09:59]} 12. Qd3 {[%clk 0:09:26]} Bc5 {[%clk 0:08:47]} 13. O-O-O
{[%clk 0:09:31]} Bxf2 {[%clk 0:07:02]} 14. h5 {[%clk 0:06:23]} Qg3
{[%clk 0:05:36]} 15. Qe2 {[%clk 0:06:32]} Bc5 {[%clk 0:05:21]} 16. e5
{[%clk 0:06:23]} Ne6 {[%clk 0:03:24]} 17. Ne4 {[%clk 0:06:26]} Qxe5
{[%clk 0:03:08]} 18. Bc3 {[%clk 0:06:07]} Qf4+ {[%clk 0:03:08]} 19. Kb1
{[%clk 0:06:16]} d5 {[%clk 0:03:11]} 20. Nxc5 {[%clk 0:06:08]} Qxc4
{[%clk 0:03:01]} 21. Qxc4 {[%clk 0:06:10]} dxc4 {[%clk 0:03:09]} 22. Nxe6
{[%clk 0:05:51]} Bxe6 {[%clk 0:03:17]} 23. Bxg7 {[%clk 0:05:59]} Rg8
{[%clk 0:02:42]} 24. Bxh6 {[%clk 0:06:02]} Rxg2 {[%clk 0:02:47]} 25. Bf4
{[%clk 0:05:59]} Bf5 {[%clk 0:02:16]} 26. Rde1+ {[%clk 0:02:34]} Kf8
{[%clk 0:01:41]} 27. h6 {[%clk 0:02:42]} Bxc2+ {[%clk 0:01:45]} 28. Ka1
{[%clk 0:02:46]} Kg8 {[%clk 0:01:15]} 29. Re7 {[%clk 0:01:28]} Rd8
{[%clk 0:01:23]} 30. Be5 {[%clk 0:01:12]} Bg6 {[%clk 0:01:01]} 31. Rxb7
{[%clk 0:00:47]} Re8 {[%clk 0:01:10]} 32. Bc3 {[%clk 0:00:46]} a6
{[%clk 0:00:58]} 33. a4 {[%clk 0:00:55]} Rg5 {[%clk 0:00:57]} 34. a5
{[%clk 0:00:56]} Rh5 {[%clk 0:01:05]} 35. Rxh5 {[%clk 0:00:57]} Bxh5
{[%clk 0:01:13]} 36. Rb6 {[%clk 0:00:59]} Ra8 {[%clk 0:01:06]} 37. Rxc6
{[%clk 0:01:08]} Be2 {[%clk 0:01:10]} 38. Rf6 {[%clk 0:01:06]} Bd3
{[%clk 0:01:15]} 39. Rf4 {[%clk 0:01:12]} Rc8 {[%clk 0:01:07]} 40. Ka2
{[%clk 0:01:06]} Rc6 {[%clk 0:01:06]} 41. Rg4+ {[%clk 0:00:44]} Rg6
{[%clk 0:01:07]} 42. Rh4 {[%clk 0:00:19]} Kh7 {[%clk 0:01:15]} 43. Bg7
{[%clk 0:00:26]} Rg5 {[%clk 0:01:17]} 44. Bc3 {[%clk 0:00:33]} Rg6
{[%clk 0:01:24]} 45. Rf4 {[%clk 0:00:39]} Kg8 {[%clk 0:01:25]} 46. h7+
{[%clk 0:00:26]} Kxh7 {[%clk 0:01:31]} 47. Rxf7+ {[%clk 0:00:35]} Kg8
{[%clk 0:01:36]} 48. Rb7 {[%clk 0:00:44]} Kf8 {[%clk 0:01:33]} 49. Rb6
{[%clk 0:00:38]} Rxb6 {[%clk 0:01:40]} 50. axb6 {[%clk 0:00:47]} Be4
{[%clk 0:01:49]} 51. Ka3 {[%clk 0:00:56]} Ke8 {[%clk 0:01:51]} 52. Kb4
{[%clk 0:01:02]} Kd7 {[%clk 0:01:53]} 53. Kxc4 {[%clk 0:00:58]} Kc6
{[%clk 0:02:02]} 54. Bd4 {[%clk 0:01:07]} Kb7 {[%clk 0:02:11]} 55. Kb4
{[%clk 0:01:12]} Bf3 {[%clk 0:02:20]} 56. Ka5 {[%clk 0:01:22]} Bg2
{[%clk 0:02:28]} 57. b4 {[%clk 0:01:31]} Bf3 {[%clk 0:02:37]} 58. b5
{[%clk 0:01:39]} axb5 {[%clk 0:02:46]} 1/2-1/2